| 000 | 01104cam a22003134a 4500 | ||
|---|---|---|---|
| 001 | 12266320 | ||
| 003 | OSt | ||
| 005 | 20140310182044.0 | ||
| 008 | 001227s2002 mnuab c b 001 0 eng | ||
| 010 | _a 00013091 | ||
| 020 | _a0736809066 | ||
| 040 |
_aDLC _cDLC _dDLC |
||
| 042 |
_apcc _alcac |
||
| 050 | 0 | 0 |
_aGV 811.13 _b.T63 2002 |
| 082 | 0 | 0 |
_aHS 797.1 _bT56 2002 |
| 100 | 1 |
_aTodd, Anne M. _911412 |
|
| 245 | 1 | 0 |
_aSailing adventures / _cAnne M. Todd. |
| 260 |
_aMankato, Minn. : _bCapstone High-Interest Books, _cc2002. |
||
| 300 |
_a48 p. : _bcol. ill. ; _c23 cm. |
||
| 440 | 0 |
_aDangerous adventures _911413 |
|
| 500 | _aIncludes bibliographical references (p. 45) and index. | ||
| 650 | 0 |
_aSailing _vJuvenile literature. _911414 |
|
| 650 | 1 |
_aSailing. _911415 |
|
| 906 |
_a7 _bcbc _corignew _d1 _eecip _f20 _gy-gencatlg |
||
| 942 |
_2lcc _cHS |
||
| 999 |
_c8834 _d8834 |
||